Statistics for The Opposites Quiz

Click here to take the quiz!

General Stats

  • This quiz has been taken 177 times
  • The average score is 18 of 20

Answer Stats

WordOpposite% Correct
LightDark
100%
YesNo
100%
YoungOld
99%
OffOn
99%
BlackWhite
99%
BeforeAfter
98%
HotCold
98%
LeftRight
98%
FastSlow
98%
LongShort
97%
HiBye
96%
BestWorst
96%
MoreLess
95%
ThickThin
95%
BottomTop
94%
FinishStart
92%
LooseTight
89%
MeanNice
87%
LoseWin
79%
ApproveReject
26%

Score Distribution

Percentile by Number Answered

Percent of People with Each Score

Your Score History

You have not taken this quiz